[Event "Viktor Kupreichik Memorial Rapid GM"]
[Site "Minsk"]
[Date "2018.06.22"]
[Round "6.6"]
[White "Smirnov, Valerij"]
[Black "Mochalov, Evgeny V"]
[Result "1-0"]
[WhiteElo "2238"]
[BlackElo "2236"]
[PlyCount "73"]
[EventDate "2018.06.21"]
[EventType "tourn"]
[EventRounds "13"]
[EventCountry "BLR"]
[WhiteTeam "Áåëîðóññèÿ"]
[BlackTeam "Áåëîðóññèÿ"]
[WhiteTeamCountry "BLR"]
[BlackTeamCountry "BLR"]

1. d4 Nf6 2. c4 d6 3. Nf3 g6 4. Nc3 Bf5 5. Nh4 Bd7 6. g3 Bg7 7. Bg2 Nc6 8. O-O
O-O 9. b3 a6 10. Bb2 Rb8 11. d5 Na5 12. Qd2 c5 13. dxc6 bxc6 14. e4 c5 15. Rfe1
Nc6 16. Nd5 e5 17. Nxf6+ Qxf6 18. f4 Nd4 19. Nf3 Be6 20. Nxd4 cxd4 21. Rf1 Qd8
22. f5 Bd7 23. Ba3 Bc6 24. c5 d5 25. exd5 Bxd5 26. f6 Bh8 27. c6 Bxg2 28. Qxg2
Re8 29. Rac1 Rc8 30. Be7 Rxe7 31. fxe7 Qxe7 32. Qd5 Qe6 33. Qd7 e4 34. Rxf7 Re8
35. Qxe6 Rxe6 36. c7 d3 37. Rd7 1-0

[Event "Viktor Kupreichik Memorial Rapid GM"]
[Site "Minsk"]
[Date "2018.06.22"]
[Round "7.1"]
[White "Balashov, Yuri S"]
[Black "Smirnov, Valerij"]
[Result "1-0"]
[WhiteElo "2430"]
[BlackElo "2238"]
[PlyCount "37"]
[EventDate "2018.06.21"]
[EventType "tourn"]
[EventRounds "13"]
[EventCountry "BLR"]
[WhiteTeam "Ðîññèÿ"]
[BlackTeam "Áåëîðóññèÿ"]
[WhiteTeamCountry "RUS"]
[BlackTeamCountry "BLR"]

1. e4 c5 2. Nf3 Nc6 3. Bb5 e6 4. O-O Nge7 5. d4 cxd4 6. Nxd4 Nxd4 7. Qxd4 a6 8.
Be2 Nc6 9. Qc3 d5 10. exd5 exd5 11. Bf4 Be7 12. Qd2 O-O 13. Nc3 d4 14. Ne4 Bf5
15. Bd3 Qd5 16. Ng3 Bg6 17. a3 Ne5 18. Bxe5 Qxe5 19. f4 1-0

[Event "Viktor Kupreichik Memorial Rapid GM"]
[Site "Minsk"]
[Date "2018.06.22"]
[Round "7.2"]
[White "Dydyshko, Viacheslav"]
[Black "Kovalev, Andrei"]
[Result "1/2-1/2"]
[WhiteElo "2471"]
[BlackElo "2458"]
[PlyCount "39"]
[EventDate "2018.06.21"]
[EventType "tourn"]
[EventRounds "13"]
[EventCountry "BLR"]
[WhiteTeam "Áåëîðóññèÿ"]
[BlackTeam "Áåëîðóññèÿ"]
[WhiteTeamCountry "BLR"]
[BlackTeamCountry "BLR"]

1. d4 Nf6 2. c4 g6 3. Nc3 Bg7 4. e4 d6 5. h3 O-O 6. Be3 Na6 7. Nf3 e5 8. d5 Nc5
9. Nd2 a5 10. g4 Bd7 11. Be2 a4 12. h4 Ne8 13. h5 Bf6 14. Nf1 Bg5 15. Qd2 Bxe3
16. Qxe3 g5 17. h6 Kh8 18. Ng3 Qf6 19. Kf1 Qf4 20. Nd1 1/2-1/2

[Event "Viktor Kupreichik Memorial Rapid GM"]
[Site "Minsk"]
[Date "2018.06.22"]
[Round "7.4"]
[White "Rashkovsky, Nukhim N"]
[Black "Chekhov, Valery A"]
[Result "1/2-1/2"]
[WhiteElo "2413"]
[BlackElo "2413"]
[PlyCount "36"]
[EventDate "2018.06.21"]
[EventType "tourn"]
[EventRounds "13"]
[EventCountry "BLR"]
[WhiteTeam "Ðîññèÿ"]
[BlackTeam "Ðîññèÿ"]
[WhiteTeamCountry "RUS"]
[BlackTeamCountry "RUS"]

1. d4 d5 2. Nf3 e6 3. c4 Nf6 4. e3 c5 5. cxd5 exd5 6. Bb5+ Nc6 7. O-O Bd6 8.
dxc5 Bxc5 9. a3 O-O 10. b4 Bd6 11. Bb2 a5 12. bxa5 Nxa5 13. Nbd2 Qe7 14. a4 Bf5
15. h3 Rfd8 16. Nd4 Bg6 17. Rc1 Ne4 18. Nxe4 dxe4 1/2-1/2

[Event "Viktor Kupreichik Memorial Rapid GM"]
[Site "Minsk"]
[Date "2018.06.22"]
[Round "7.6"]
[White "Veremeichik, Vladimir"]
[Black "Vaganian, Rafael A"]
[Result "1/2-1/2"]
[WhiteElo "2307"]
[BlackElo "2547"]
[PlyCount "76"]
[EventDate "2018.06.21"]
[EventType "tourn"]
[EventRounds "13"]
[EventCountry "BLR"]
[WhiteTeam "Áåëîðóññèÿ"]
[BlackTeam "Àðìåíèÿ"]
[WhiteTeamCountry "BLR"]
[BlackTeamCountry "ARM"]

1. d4 e6 2. c4 f5 3. Nf3 Nf6 4. g3 d5 5. Bg2 Bd6 6. O-O c6 7. b3 Qe7 8. a4 O-O
9. Ba3 Bxa3 10. Nxa3 Bd7 11. Nc2 Be8 12. Nce1 Ne4 13. Nd3 Bh5 14. Qc2 Nd7 15.
Nfe5 Nxe5 16. Nxe5 g5 17. f3 Nd6 18. e3 Bg6 19. f4 Nf7 20. Nd3 h6 21. Qc3 Kg7
22. Qb4 Qxb4 23. Nxb4 h5 24. Nd3 Rae8 25. Rac1 h4 26. b4 Bh5 27. Kf2 gxf4 28.
gxf4 dxc4 29. Rxc4 Nd6 30. Rcc1 a6 31. Rg1 Kh6 32. Bf3 Rg8 33. Ne5 Bxf3 34.
Kxf3 Ne4 35. Nd3 Nd2+ 36. Ke2 Ne4 37. Kf3 Nd2+ 38. Ke2 Ne4 1/2-1/2

[Event "Viktor Kupreichik Memorial Rapid GM"]
[Site "Minsk"]
[Date "2018.06.22"]
[Round "8.3"]
[White "Oblamski, Vladimir"]
[Black "Rashkovsky, Nukhim N"]
[Result "0-1"]
[WhiteElo "1921"]
[BlackElo "2413"]
[PlyCount "76"]
[EventDate "2018.06.21"]
[EventType "tourn"]
[EventRounds "13"]
[EventCountry "BLR"]
[WhiteTeam "Áåëîðóññèÿ"]
[BlackTeam "Ðîññèÿ"]
[WhiteTeamCountry "BLR"]
[BlackTeamCountry "RUS"]

1. e4 c5 2. c3 Nf6 3. e5 Nd5 4. d4 cxd4 5. cxd4 d6 6. Nf3 Nc6 7. Bc4 Nb6 8. Bb5
d5 9. Nh4 e6 10. Nf3 Be7 11. O-O O-O 12. Nc3 f5 13. exf6 Bxf6 14. Re1 Nc4 15.
Bxc6 bxc6 16. b3 Nd6 17. Ne5 c5 18. Ba3 cxd4 19. Bxd6 Qxd6 20. Qxd4 Bd7 21. f4
Be8 22. Rac1 a5 23. Ne4 Bxe5 24. fxe5 Qb4 25. Qxb4 axb4 26. Nd6 Rxa2 27. Rc8
Bg6 28. Rec1 Re2 29. Rxf8+ Kxf8 30. Rc8+ Ke7 31. Rc7+ Kf8 32. Rc8+ Ke7 33. Rc7+
Kd8 34. Rxg7 Rxe5 35. Rxg6 Ke7 36. Nc8+ Kd7 37. Nb6+ Kc6 38. Na4 hxg6 0-1

[Event "Viktor Kupreichik Memorial Rapid GM"]
[Site "Minsk"]
[Date "2018.06.22"]
[Round "8.5"]
[White "Smirnov, Valerij"]
[Black "Dydyshko, Viacheslav"]
[Result "1/2-1/2"]
[WhiteElo "2238"]
[BlackElo "2471"]
[PlyCount "37"]
[EventDate "2018.06.21"]
[EventType "tourn"]
[EventRounds "13"]
[EventCountry "BLR"]
[WhiteTeam "Áåëîðóññèÿ"]
[BlackTeam "Áåëîðóññèÿ"]
[WhiteTeamCountry "BLR"]
[BlackTeamCountry "BLR"]

1. Nf3 d5 2. e3 Nf6 3. c4 c6 4. Nc3 e6 5. b3 Bd6 6. d4 Nbd7 7. Be2 O-O 8. O-O
b6 9. Bb2 Bb7 10. Qc2 c5 11. cxd5 exd5 12. dxc5 bxc5 13. Rfd1 Re8 14. Rac1 Rc8
15. Qf5 Qe7 16. Bb5 Red8 17. Bxd7 Rxd7 18. Nb5 Ne4 19. Nxd6 1/2-1/2

[Event "Viktor Kupreichik Memorial Rapid GM"]
[Site "Minsk"]
[Date "2018.06.22"]
[Round "8.6"]
[White "Mochalov, Evgeny V"]
[Black "Balashov, Yuri S"]
[Result "1-0"]
[WhiteElo "2236"]
[BlackElo "2430"]
[PlyCount "91"]
[EventDate "2018.06.21"]
[EventType "tourn"]
[EventRounds "13"]
[EventCountry "BLR"]
[WhiteTeam "Áåëîðóññèÿ"]
[BlackTeam "Ðîññèÿ"]
[WhiteTeamCountry "BLR"]
[BlackTeamCountry "RUS"]

1. d4 e6 2. g3 c5 3. Nf3 Nf6 4. Bg2 cxd4 5. O-O d5 6. Nxd4 e5 7. Nb3 Nc6 8. Bg5
Be6 9. Nc3 d4 10. Ne4 Be7 11. Bxf6 Bxf6 12. Nbc5 Bc8 13. Nxf6+ Qxf6 14. c3 O-O
15. cxd4 exd4 16. Rc1 Rd8 17. Qa4 a6 18. Nxb7 Bxb7 19. Bxc6 Rab8 20. b3 g6 21.
Bxb7 Rxb7 22. Rc6 Qe7 23. Qc4 a5 24. Rc1 Rb4 25. Qd3 a4 26. Rc7 Qf6 27. R1c4
Rxc4 28. Rxc4 axb3 29. axb3 h5 30. h4 Qe6 31. b4 Re8 32. Rxd4 Qxe2 33. Qxe2
Rxe2 34. Kg2 Rb2 35. Kf3 Kf8 36. Ke3 Ke7 37. Rf4 f6 38. Kd3 g5 39. Kc3 Re2 40.
hxg5 fxg5 41. Rf5 h4 42. Rxg5 Rxf2 43. gxh4 Rf3+ 44. Kc4 Rf4+ 45. Kc5 Rxh4 46.
Rd5 1-0

[Event "Viktor Kupreichik Memorial Rapid GM"]
[Site "Minsk"]
[Date "2018.06.22"]
[Round "9.1"]
[White "Dydyshko, Viacheslav"]
[Black "Mochalov, Evgeny V"]
[Result "1/2-1/2"]
[WhiteElo "2471"]
[BlackElo "2236"]
[PlyCount "54"]
[EventDate "2018.06.21"]
[EventType "tourn"]
[EventRounds "13"]
[EventCountry "BLR"]
[WhiteTeam "Áåëîðóññèÿ"]
[BlackTeam "Áåëîðóññèÿ"]
[WhiteTeamCountry "BLR"]
[BlackTeamCountry "BLR"]

1. d4 Nf6 2. c4 d6 3. Nf3 g6 4. Nc3 Bf5 5. g3 Ne4 6. Qb3 Nxc3 7. Qxc3 Bg7 8.
Be3 c5 9. Qb3 Nc6 10. dxc5 dxc5 11. Bg2 Qb6 12. O-O Bxb2 13. Rad1 Bg7 14. Rd5
Qxb3 15. axb3 b6 16. Nh4 Bd7 17. Rfd1 O-O-O 18. Nf3 h6 19. R5d2 Na5 20. Ra2 Nc6
21. Ne1 a5 22. Nd3 Nb4 23. Nxb4 axb4 24. Ra8+ Kc7 25. Ra7+ Kc8 26. Ra8+ Kc7 27.
Ra7+ Kc8 1/2-1/2

[Event "Viktor Kupreichik Memorial Rapid GM"]
[Site "Minsk"]
[Date "2018.06.22"]
[Round "9.3"]
[White "Rashkovsky, Nukhim N"]
[Black "Kovalev, Andrei"]
[Result "0-1"]
[WhiteElo "2413"]
[BlackElo "2458"]
[PlyCount "112"]
[EventDate "2018.06.21"]
[EventType "tourn"]
[EventRounds "13"]
[EventCountry "BLR"]
[WhiteTeam "Ðîññèÿ"]
[BlackTeam "Áåëîðóññèÿ"]
[WhiteTeamCountry "RUS"]
[BlackTeamCountry "BLR"]

1. d4 Nf6 2. Nf3 g6 3. g3 Bg7 4. Bg2 O-O 5. O-O d6 6. a4 a5 7. Nc3 c6 8. e4 Na6
9. Re1 Nb4 10. Nb1 Qc7 11. c3 Na6 12. e5 Nd5 13. Nbd2 Bf5 14. Nc4 Rad8 15. Qe2
h6 16. Nh4 Bc8 17. f4 dxe5 18. Nxe5 Nb8 19. g4 Nd7 20. f5 g5 21. Nhf3 c5 22. h4
cxd4 23. hxg5 Nxe5 24. Nxe5 hxg5 25. cxd4 Qb6 26. Qf2 Bf6 27. Nf3 Nb4 28. Bxg5
Bxg5 29. Nxg5 Qxd4 30. Qxd4 Rxd4 31. Rxe7 Rxg4 32. Ne4 Kg7 33. Rf1 Nd5 34. f6+
Kh6 35. Nd6 Be6 36. Kh2 Rfg8 37. Rf2 Nf4 38. Nxf7+ Bxf7 39. Rxf7 Nxg2 40. Rg7
Nh4 41. Rxg4 Rxg4 42. f7 Ng6 43. f8=Q+ Nxf8 44. Rxf8 Rxa4 45. Kg3 Rb4 46. Rf2
Kg5 47. Kg2 b5 48. Rd2 Rf4 49. Rd5+ Rf5 50. Rd4 Kf6 51. Kg3 Ke6 52. Rd3 a4 53.
Rd4 Rd5 54. Re4+ Kd6 55. Kf3 Rd2 56. b3 Rd3+ 0-1

[Event "Viktor Kupreichik Memorial Rapid GM"]
[Site "Minsk"]
[Date "2018.06.22"]
[Round "9.5"]
[White "Veremeichik, Vladimir"]
[Black "Chekhov, Valery A"]
[Result "1/2-1/2"]
[WhiteElo "2307"]
[BlackElo "2413"]
[PlyCount "22"]
[EventDate "2018.06.21"]
[EventType "tourn"]
[EventRounds "13"]
[EventCountry "BLR"]
[WhiteTeam "Áåëîðóññèÿ"]
[BlackTeam "Ðîññèÿ"]
[WhiteTeamCountry "BLR"]
[BlackTeamCountry "RUS"]

1. d4 d5 2. c4 e6 3. Nf3 Nf6 4. Nc3 dxc4 5. e3 a6 6. Bxc4 c5 7. a4 Nc6 8. O-O
Be7 9. Ne5 O-O 10. Nxc6 bxc6 11. dxc5 Bxc5 1/2-1/2

[Event "Viktor Kupreichik Memorial Rapid GM"]
[Site "Minsk"]
[Date "2018.06.22"]
[Round "9.6"]
[White "Vaganian, Rafael A"]
[Black "Sveshnikov, Evgeny"]
[Result "1-0"]
[WhiteElo "2547"]
[BlackElo "2532"]
[PlyCount "109"]
[EventDate "2018.06.21"]
[EventType "tourn"]
[EventRounds "13"]
[EventCountry "BLR"]
[WhiteTeam "Àðìåíèÿ"]
[BlackTeam "Ðîññèÿ"]
[WhiteTeamCountry "ARM"]
[BlackTeamCountry "RUS"]

1. Nf3 d5 2. g3 Nf6 3. Bg2 c6 4. O-O Bf5 5. d3 e6 6. Qe1 h6 7. Nbd2 Be7 8. e4
Bh7 9. Ne5 Nbd7 10. Nxd7 Nxd7 11. f4 O-O 12. Kh1 Re8 13. g4 a5 14. a4 Nc5 15.
e5 b5 16. axb5 cxb5 17. f5 Bg5 18. d4 Nd7 19. Nb3 a4 20. Nd2 Nb6 21. c3 Nc4 22.
Nxc4 bxc4 23. Bxg5 Qxg5 24. Qg3 h5 25. Rf4 h4 26. Qf2 Rab8 27. Rf1 Kh8 28. h3
a3 29. bxa3 Rb3 30. Qd2 Bg8 31. R1f2 Reb8 32. R4f3 Qxd2 33. Rxd2 Rxa3 34. g5
exf5 35. Rf4 g6 36. Rc2 Rbb3 37. Rf3 Kg7 38. Kg1 Rb1+ 39. Rf1 Rb5 40. Kf2 Kf8
41. Ke3 Ke7 42. Kd2 Ke6 43. Bf3 Rbb3 44. Be2 Kd7 45. Rf4 Rb1 46. Rxh4 Rg1 47.
Rh8 Ra8 48. h4 f4 49. Bf3 Kc6 50. Ke2 Rg3 51. Kf2 Rh3 52. Rb2 Ra3 53. Rxg8 Rxc3
54. Rc8+ Kd7 55. Bg4+ 1-0

[Event "Viktor Kupreichik Memorial Rapid GM"]
[Site "Minsk"]
[Date "2018.06.22"]
[Round "10.2"]
[White "Oblamski, Vladimir"]
[Black "Veremeichik, Vladimir"]
[Result "1/2-1/2"]
[WhiteElo "1921"]
[BlackElo "2307"]
[PlyCount "34"]
[EventDate "2018.06.21"]
[EventType "tourn"]
[EventRounds "13"]
[EventCountry "BLR"]
[WhiteTeam "Áåëîðóññèÿ"]
[BlackTeam "Áåëîðóññèÿ"]
[WhiteTeamCountry "BLR"]
[BlackTeamCountry "BLR"]

1. e4 c5 2. c3 Nf6 3. e5 Nd5 4. d4 cxd4 5. cxd4 Nc6 6. Nf3 d6 7. Bc4 Nb6 8. Bb5
dxe5 9. Nxe5 Bd7 10. Nxd7 Qxd7 11. Nc3 e6 12. O-O a6 13. Bxc6 bxc6 14. Qg4 Nd5
15. Rd1 Nf6 16. Qe2 Be7 17. Bg5 Bf8 1/2-1/2

[Event "Viktor Kupreichik Memorial Rapid GM"]
[Site "Minsk"]
[Date "2018.06.22"]
[Round "10.4"]
[White "Smirnov, Valerij"]
[Black "Rashkovsky, Nukhim N"]
[Result "0-1"]
[WhiteElo "2238"]
[BlackElo "2413"]
[PlyCount "90"]
[EventDate "2018.06.21"]
[EventType "tourn"]
[EventRounds "13"]
[EventCountry "BLR"]
[WhiteTeam "Áåëîðóññèÿ"]
[BlackTeam "Ðîññèÿ"]
[WhiteTeamCountry "BLR"]
[BlackTeamCountry "RUS"]

1. d4 Nf6 2. c4 e6 3. Nf3 Bb4+ 4. Bd2 Qe7 5. Nc3 b6 6. g3 Bb7 7. Bg2 O-O 8. O-O
d6 9. a3 Bxc3 10. Bxc3 Nbd7 11. b4 Ne4 12. Bb2 f5 13. e3 Ndf6 14. Nd2 Nxd2 15.
Qxd2 Bxg2 16. Kxg2 e5 17. f3 Rae8 18. dxe5 dxe5 19. Rad1 h5 20. Qc3 h4 21. c5
Qf7 22. gxh4 Nd5 23. Qd2 c6 24. Kh1 b5 25. e4 fxe4 26. fxe4 Nf4 27. Qe3 Qh5 28.
Qg3 Qe2 29. Qf2 Qxe4+ 30. Qf3 Qxf3+ 31. Rxf3 Nd5 32. Rg3 Kh7 33. Rdg1 Rf7 34.
Rg5 Rfe7 35. Rh5+ Kg8 36. Rhg5 Nf4 37. R1g3 Kh7 38. Re3 e4 39. Reg3 e3 40.
Rxg7+ Rxg7 41. Rxg7+ Kh6 42. Rg1 e2 43. Bc3 Nd3 44. Be1 Rf8 45. Bd2+ Kh7 0-1

[Event "Viktor Kupreichik Memorial Rapid GM"]
[Site "Minsk"]
[Date "2018.06.22"]
[Round "10.6"]
[White "Balashov, Yuri S"]
[Black "Dydyshko, Viacheslav"]
[Result "0-1"]
[WhiteElo "2430"]
[BlackElo "2471"]
[PlyCount "68"]
[EventDate "2018.06.21"]
[EventType "tourn"]
[EventRounds "13"]
[EventCountry "BLR"]
[WhiteTeam "Ðîññèÿ"]
[BlackTeam "Áåëîðóññèÿ"]
[WhiteTeamCountry "RUS"]
[BlackTeamCountry "BLR"]

1. e4 c5 2. Ne2 Nf6 3. Nbc3 d6 4. g3 Nc6 5. Bg2 Bg4 6. h3 Bd7 7. d4 cxd4 8.
Nxd4 e6 9. O-O Be7 10. Be3 O-O 11. Qe2 a6 12. Rad1 Qc7 13. g4 Nxd4 14. Bxd4 Bc6
15. f4 Nd7 16. g5 e5 17. fxe5 Nxe5 18. h4 Rfe8 19. Nd5 Bxd5 20. exd5 Bf8 21. c3
g6 22. Rf4 Bg7 23. Rdf1 Re7 24. Be4 Rae8 25. Qf2 Nc4 26. Bxg7 Kxg7 27. Qd4+ Kg8
28. Bxg6 hxg6 29. Qxc4 Qb6+ 30. R1f2 Qe3 31. Qd4 Qg3+ 32. Kh1 Re1+ 33. Rf1
Rxf1+ 34. Rxf1 Re2 0-1

[Event "Viktor Kupreichik Memorial Rapid GM"]
[Site "Minsk"]
[Date "2018.06.23"]
[Round "11.2"]
[White "Rashkovsky, Nukhim N"]
[Black "Mochalov, Evgeny V"]
[Result "1/2-1/2"]
[WhiteElo "2413"]
[BlackElo "2236"]
[PlyCount "118"]
[EventDate "2018.06.21"]
[EventType "tourn"]
[EventRounds "13"]
[EventCountry "BLR"]
[WhiteTeam "Ðîññèÿ"]
[BlackTeam "Áåëîðóññèÿ"]
[WhiteTeamCountry "RUS"]
[BlackTeamCountry "BLR"]

1. Nc3 c5 2. Nf3 g6 3. g3 Bg7 4. Bg2 Nc6 5. O-O Nf6 6. d3 O-O 7. a3 Rb8 8. Rb1
b5 9. b4 cxb4 10. axb4 d6 11. h3 Bd7 12. Kh2 Ng4+ 13. hxg4 Bxc3 14. Bh6 Re8 15.
Bd2 Bg7 16. g5 Qc7 17. Rh1 Rec8 18. c3 a5 19. bxa5 Qxa5 20. c4 Qa6 21. cxb5
Rxb5 22. Rxb5 Qxb5 23. Qb1 Qxb1 24. Rxb1 Rb8 25. Rc1 Rb2 26. Kg1 Nd4 27. Rc7
Nxf3+ 28. Bxf3 Rxd2 29. Rxd7 Bf8 30. Kf1 Rd1+ 31. Kg2 e6 32. Bc6 Rc1 33. Ba4
Ra1 34. Bb5 Rb1 35. Ba6 Rb6 36. Ra7 d5 37. Bc8 Bd6 38. f4 Rb8 39. Bd7 Kf8 40.
e4 dxe4 41. dxe4 Bc5 42. Rc7 Be7 43. Kh3 Bd8 44. Ra7 Bb6 45. Ra6 Ke7 46. Ba4
Bc7 47. Ra7 Kd8 48. Kg4 Rb4 49. Bc6 Rb6 50. Ba4 Rb4 51. Bc2 Rb2 52. Ra8+ Rb8
53. Ra2 Rb4 54. Kf3 Ke7 55. Ra7 Kd8 56. Ra8+ Rb8 57. Ra2 Rb4 58. Bd3 Rb3 59.
Ke2 Ke7 1/2-1/2

[Event "Viktor Kupreichik Memorial Rapid GM"]
[Site "Minsk"]
[Date "2018.06.23"]
[Round "11.4"]
[White "Veremeichik, Vladimir"]
[Black "Kovalev, Andrei"]
[Result "1-0"]
[WhiteElo "2307"]
[BlackElo "2458"]
[PlyCount "113"]
[EventDate "2018.06.21"]
[EventType "tourn"]
[EventRounds "13"]
[EventCountry "BLR"]
[WhiteTeam "Áåëîðóññèÿ"]
[BlackTeam "Áåëîðóññèÿ"]
[WhiteTeamCountry "BLR"]
[BlackTeamCountry "BLR"]

1. d4 Nf6 2. c4 g6 3. Nc3 Bg7 4. e4 d6 5. f3 O-O 6. Be3 e5 7. Nge2 c6 8. Qd2
Nbd7 9. d5 cxd5 10. cxd5 a6 11. Nc1 Nh5 12. Nd3 f5 13. Be2 fxe4 14. fxe4 b5 15.
g3 Nb6 16. b3 Nf6 17. Nf2 b4 18. Ncd1 a5 19. Rc1 Bb7 20. O-O Kh8 21. Nb2 Nbxd5
22. exd5 Nxd5 23. Bg5 Qb8 24. Na4 Qa7 25. Bc4 Nf6 26. Be3 Qb8 27. Nb6 d5 28.
Be2 d4 29. Bh6 Qd6 30. Bxg7+ Kxg7 31. Nxa8 Bxa8 32. Ng4 Nxg4 33. Bxg4 Rxf1+ 34.
Rxf1 Qd5 35. Bf3 e4 36. Bg2 d3 37. Qf4 Qd4+ 38. Kh1 Qd8 39. Qe5+ Kh6 40. Bxe4
d2 41. Qf4+ g5 42. Qf6+ Qxf6 43. Rxf6+ Kg7 44. Rd6 Bxe4+ 45. Kg1 Bf3 46. Rxd2
Kf6 47. Rd7 Ke5 48. Ra7 Kd4 49. Rxa5 g4 50. a3 Kc3 51. axb4 Kxb4 52. Rh5 Kxb3
53. Rxh7 Kc3 54. Rd7 Kc4 55. Kf2 Kc5 56. h4 Kc6 57. Rd3 1-0

[Event "Viktor Kupreichik Memorial Rapid GM"]
[Site "Minsk"]
[Date "2018.06.23"]
[Round "11.5"]
[White "Vaganian, Rafael A"]
[Black "Oblamski, Vladimir"]
[Result "1-0"]
[WhiteElo "2547"]
[BlackElo "1921"]
[PlyCount "47"]
[EventDate "2018.06.21"]
[EventType "tourn"]
[EventRounds "13"]
[EventCountry "BLR"]
[WhiteTeam "Àðìåíèÿ"]
[BlackTeam "Áåëîðóññèÿ"]
[WhiteTeamCountry "ARM"]
[BlackTeamCountry "BLR"]

1. Nf3 d5 2. g3 Nf6 3. Bg2 e6 4. O-O Be7 5. d4 O-O 6. c4 c6 7. Qc2 b6 8. Nbd2
Bb7 9. e4 dxe4 10. Nxe4 Nxe4 11. Qxe4 Nd7 12. Rd1 Qc8 13. Bf4 Re8 14. Qc2 a5
15. h4 Nf6 16. c5 b5 17. Be5 Nd5 18. Ng5 f5 19. Re1 Bxg5 20. hxg5 Qd7 21. f4
Qf7 22. Kf2 Qg6 23. Rh1 Kf7 24. Bf3 1-0

[Event "Viktor Kupreichik Memorial Rapid GM"]
[Site "Minsk"]
[Date "2018.06.23"]
[Round "11.6"]
[White "Sveshnikov, Evgeny"]
[Black "Chekhov, Valery A"]
[Result "1/2-1/2"]
[WhiteElo "2532"]
[BlackElo "2413"]
[PlyCount "37"]
[EventDate "2018.06.21"]
[EventType "tourn"]
[EventRounds "13"]
[EventCountry "BLR"]
[WhiteTeam "Ðîññèÿ"]
[BlackTeam "Ðîññèÿ"]
[WhiteTeamCountry "RUS"]
[BlackTeamCountry "RUS"]

1. e4 e5 2. Nc3 Nf6 3. g3 Nc6 4. Bg2 Bc5 5. Nge2 O-O 6. O-O a6 7. Nd5 d6 8. h3
Ba7 9. Nec3 Nd4 10. Nxf6+ Qxf6 11. Nd5 Qd8 12. c3 Ne6 13. d3 c6 14. Ne3 g6 15.
Kh2 f5 16. exf5 gxf5 17. Qh5 Ng7 18. Qe2 f4 19. Nc2 1/2-1/2

[Event "Viktor Kupreichik Memorial Rapid GM"]
[Site "Minsk"]
[Date "2018.06.23"]
[Round "12.5"]
[White "Balashov, Yuri S"]
[Black "Rashkovsky, Nukhim N"]
[Result "1/2-1/2"]
[WhiteElo "2430"]
[BlackElo "2413"]
[PlyCount "66"]
[EventDate "2018.06.21"]
[EventType "tourn"]
[EventRounds "13"]
[EventCountry "BLR"]
[WhiteTeam "Ðîññèÿ"]
[BlackTeam "Ðîññèÿ"]
[WhiteTeamCountry "RUS"]
[BlackTeamCountry "RUS"]

1. d4 Nf6 2. c4 e6 3. Nf3 Bb4+ 4. Nbd2 d5 5. e3 O-O 6. a3 Bd6 7. Bd3 b6 8. O-O
Bb7 9. b4 a5 10. b5 c5 11. bxc6 Nxc6 12. e4 dxe4 13. Nxe4 Be7 14. Be3 Rc8 15.
Nxf6+ Bxf6 16. Rb1 g6 17. d5 exd5 18. Rxb6 Ba8 19. cxd5 Qxd5 20. Ba6 Qxd1 21.
Rxd1 Rb8 22. a4 Rxb6 23. Bxb6 Rb8 24. Bc5 Be7 25. Bxe7 Nxe7 26. Ne5 Nc6 27. Nc4
Rb4 28. h3 Rxa4 29. Nb6 Rd4 30. Rc1 Nb4 31. Rc8+ Kg7 32. Rxa8 Nxa6 33. Rxa6 Rd6
1/2-1/2

[Event "Viktor Kupreichik Memorial Rapid GM"]
[Site "Minsk"]
[Date "2018.06.23"]
[Round "13.1"]
[White "Rashkovsky, Nukhim N"]
[Black "Dydyshko, Viacheslav"]
[Result "1-0"]
[WhiteElo "2413"]
[BlackElo "2471"]
[PlyCount "77"]
[EventDate "2018.06.21"]
[EventType "tourn"]
[EventRounds "13"]
[EventCountry "BLR"]
[WhiteTeam "Ðîññèÿ"]
[BlackTeam "Áåëîðóññèÿ"]
[WhiteTeamCountry "RUS"]
[BlackTeamCountry "BLR"]

1. Nc3 d5 2. e4 dxe4 3. Nxe4 Bf5 4. Ng3 Bg6 5. Nf3 Nd7 6. h4 h6 7. h5 Bh7 8. d4
e6 9. Bd3 Bxd3 10. Qxd3 Ngf6 11. Bd2 c5 12. O-O-O cxd4 13. Nxd4 Nc5 14. Qb5+
Qd7 15. Bb4 O-O-O 16. Qc4 Qd5 17. Nxe6 fxe6 18. Rxd5 exd5 19. Qc3 b6 20. Rd1
Kb8 21. Nf5 Rc8 22. Qe5+ Kb7 23. Kb1 Re8 24. Nd6+ Bxd6 25. Qxd6 Nce4 26. Qf4 a5
27. Ba3 Re6 28. f3 Ng5 29. b3 Rhe8 30. Bb2 Re1 31. Rxe1 Rxe1+ 32. Bc1 Re2 33.
Qd6 Ne6 34. a4 Nc7 35. g4 Nfe8 36. Qd7 Rf2 37. Bf4 Rxf3 38. Bxc7 Nxc7 39. Qxg7
1-0

[Event "Viktor Kupreichik Memorial Rapid GM"]
[Site "Minsk"]
[Date "2018.06.23"]
[Round "13.3"]
[White "Veremeichik, Vladimir"]
[Black "Mochalov, Evgeny V"]
[Result "1/2-1/2"]
[WhiteElo "2307"]
[BlackElo "2236"]
[PlyCount "22"]
[EventDate "2018.06.21"]
[EventType "tourn"]
[EventRounds "13"]
[EventCountry "BLR"]
[WhiteTeam "Áåëîðóññèÿ"]
[BlackTeam "Áåëîðóññèÿ"]
[WhiteTeamCountry "BLR"]
[BlackTeamCountry "BLR"]

1. d4 d5 2. c4 c6 3. cxd5 cxd5 4. Nc3 Nf6 5. Nf3 Nc6 6. Bf4 Bf5 7. e3 e6 8. Bd3
Bxd3 9. Qxd3 Bd6 10. Bxd6 Qxd6 11. O-O Qd8 1/2-1/2

[Event "Viktor Kupreichik Memorial Rapid GM"]
[Site "Minsk"]
[Date "2018.06.23"]
[Round "13.4"]
[White "Vaganian, Rafael A"]
[Black "Smirnov, Valerij"]
[Result "0-1"]
[WhiteElo "2547"]
[BlackElo "2238"]
[PlyCount "68"]
[EventDate "2018.06.21"]
[EventType "tourn"]
[EventRounds "13"]
[EventCountry "BLR"]
[WhiteTeam "Àðìåíèÿ"]
[BlackTeam "Áåëîðóññèÿ"]
[WhiteTeamCountry "ARM"]
[BlackTeamCountry "BLR"]

1. Nf3 c5 2. c4 Nc6 3. Nc3 g6 4. e3 d6 5. d4 Bg7 6. Be2 Nf6 7. d5 Na5 8. e4 O-O
9. O-O Bg4 10. Ne1 Bxe2 11. Qxe2 a6 12. Rb1 e6 13. Bg5 h6 14. Bh4 exd5 15. exd5
Qe8 16. Qd3 b5 17. cxb5 c4 18. Qf3 Nd7 19. bxa6 f5 20. Nc2 g5 21. Rfe1 Ne5 22.
Qh3 Qh5 23. Nd4 gxh4 24. Ne6 Rf7 25. b4 cxb3 26. axb3 Rxa6 27. Ra1 Nf3+ 28.
gxf3 Bxc3 29. Rec1 Bxa1 30. Rxa1 Raa7 31. Kh1 Kh7 32. Rb1 Rab7 33. Nd8 Rxb3 34.
Rg1 Rg7 0-1

[Event "Viktor Kupreichik Memorial Rapid GM"]
[Site "Minsk"]
[Date "2018.06.23"]
[Round "13.6"]
[White "Chekhov, Valery A"]
[Black "Oblamski, Vladimir"]
[Result "1/2-1/2"]
[WhiteElo "2413"]
[BlackElo "1921"]
[PlyCount "23"]
[EventDate "2018.06.21"]
[EventType "tourn"]
[EventRounds "13"]
[EventCountry "BLR"]
[WhiteTeam "Ðîññèÿ"]
[BlackTeam "Áåëîðóññèÿ"]
[WhiteTeamCountry "RUS"]
[BlackTeamCountry "BLR"]

1. c4 e6 2. Nc3 d5 3. d4 a6 4. cxd5 exd5 5. Bf4 Nf6 6. e3 Bd6 7. Bg5 c6 8. Bd3
O-O 9. Qc2 h6 10. Bh4 Nbd7 11. Nge2 Re8 12. O-O 1/2-1/2